000 00702nam a22002417a 4500
001 8427
003 FISKH
005 20250911123811.0
008 250911b cb ||||| |||| 00| 0 eng d
020 _a086002023254
040 _aFISKH
_beng
_cFISKH
_dFISKH
050 _aPZ7
100 _aMcEvoy, Denise Heyl
245 _aThe princess and the pea /
_cRetold by Denise Heyl McEvoy : Illustrated by Red Hansen
260 _aIllinois :
_bEducational Insights ,
300 _a24 pages :
_bcolor illustrations ;
_c19 cm .
505 _aJ
521 8 _a500
_bLexile estimate
521 8 _aJ
_bRaz-Plus
700 _aHansen, Red
_eIllustrator
942 _2ddc
_cBK
_n0
999 _c8427
_d8427